|
|
|
|
| LEADER |
01077naa a2200325 a 4500 |
| 001 |
000021821 |
| 003 |
SVKKK |
| 005 |
20080104114655.0 |
| 008 |
030616c1987 xr e czeo |
| FMT |
|
|
|
| 038 |
|
|
|a SVKKK
|
| 040 |
|
|
|a SVKKK
|b slo
|e AACR2
|
| 041 |
0 |
|
|a cze
|
| 044 |
|
|
|a xr
|c SK
|
| 080 |
|
|
|a 392.
|2 1981
|
| 100 |
1 |
|
|a Nečas, Ctibor
|4 aut
|
| 245 |
1 |
0 |
|a Asimilační tendence usadlých moravských a slezských Cikánů v období kapitalismu
|c Nečas Ctibor,
|
| 300 |
|
|
|b Tab. 5, lit. 25 zázn. v angl., češ., nem., slov
|
| 520 |
2 |
|
|b Cigáni na Morave a Sliezsku. Rody, rodiny, spôsob života, zamestnania. Rozvetvené príbuzenstvo. Spolužitie s usadlým obyvateľstvom
|
| 650 |
0 |
4 |
|a etnikum rómske
|x asimilácia
|z Morava
|x štúdie
|
| 773 |
0 |
|
|t Zpravodaj koordinované sítě vědeckých informací pro etnografii a folkloristiku
|d Praha : Oddelení etnických procesů, 1987
|g S. 48-72
|
| 957 |
|
|
|a Morava
|
| 958 |
|
|
|a NP
|
| 958 |
|
|
|a RQ
|
| 958 |
|
|
|a SV
|
| 974 |
|
|
|d 940615
|a KKá
|
| 992 |
|
|
|a RZB
|
| BAS |
|
|
|
| 852 |
|
|
|a SVKKK
|b BIB
|
| 998 |
|
|
|a ROM
|